000 00476nam a22001937a 4500
003 MPLRDC
005 20220104143143.0
008 210129b ||||| |||| 00| 0 eng d
020 _a957-541-189-7
082 _a857.9 DFYa-66 v.1
100 _a东方玉
245 _a双玉虹. 第一册
_c
250 _a初版
260 _a
_b皇佳出版社
_c1997
300 _b
490 _a东方玉武侠大系. 2
650 _a武侠小说
942 _cBK
_o857.9 DFYa-66 v.1
999 _c37152
_d37142